Statistics for Cleveland Guardians Managers by Picture

Click here to take the quiz!

General Stats

  • This quiz has been taken 7 times
  • The average score is 7 of 47

Answer Stats

Answer% Correct
Mike Hargrove
86%
Terry Francona
86%
Frank Robinson
71%
Eric Wedge
57%
Nap Lajoie
57%
Manny Acta
43%
Stephen Vogt
43%
Walter Johnson
43%
Charlie Manuel
29%
John McNamara
29%
Lou Boudreau
29%
Pat Corrales
29%
Sandy Alomar Jr.
29%
Tris Speaker
29%
Alvin Dark
14%
Jeff Torborg
14%
Joe Gordon
14%
John Hart
14%
Ken Aspromonte
14%
Al López
0%
Bibb Falk
0%
Bill Armour
0%
Bill Bradley
0%
Birdie Tebbetts
0%
Bobby Bragan
0%
Dave Garcia
0%
Deacon McGuire
0%
Doc Edwards
0%
George Stovall
0%
George Strickland
0%
Harry Davis
0%
Jack McCallister
0%
Jimmy Dykes
0%
Jimmy McAleer
0%
Joe Adcock
0%
Joe Birmingham
0%
Joel Skinner
0%
Johnny Lipon
0%
Jo-Jo White
0%
Kerby Farrell
0%
Lee Fohl
0%
Mel Harder
0%
Mel McGaha
0%
Mike Ferraro
0%
Ossie Vitt
0%
Roger Peckinpaugh
0%
Steve O'Neill
0%

Score Distribution

Percentile by Number Answered

Percent of People with Each Score

Your Score History

You have not taken this quiz